Race (Record no. 8624)

MARC details
000 -LEADER
fixed length control field 00658nam a2200253 a 4500
020 ## - INTERNATIONAL STANDARD BOOK NUMBER
ISBN 2825400
082 00 - DEWEY DECIMAL CLASSIFICATION NUMBER
Classification number 261.7
Author Cutter ROG
100 ## - MAIN ENTRY--AUTHOR NAME
Author name Rogers, Barbara
245 ## - TITLE STATEMENT
Title Race
Sub title No Peace Without Justice-Churches Confront the Mounting Racism of 198
260 ## - PUBLICATION, DISTRIBUTION, ETC. (IMPRINT)
Place of publication Geneva
Name of publisher WCC
Year of publication 1980
300 ## - PHYSICAL DESCRIPTION
Number of Pages 132p
500 ## - GENERAL NOTE
General note includes index and biblioraphy
505 2# - FORMATTED CONTENTS NOTE
Formatted contents note Appendices
650 ## - SUBJECT ADDED ENTRY--TOPICAL TERM
Topical Term Christianity-Racism
650 ## - SUBJECT ADDED ENTRY--TOPICAL TERM
Topical Term Wcc-Racism
942 ## - ADDED ENTRY ELEMENTS (KOHA)
Koha item type Books
700 1# -
-- Rogers, Barbara
Holdings
Collection code Home library Current library Date acquired Cost, normal purchase price Full call number Accession Number Koha item type
  Henry Martyn Institute Library Henry Martyn Institute Library 10/29/2007 100.00 261.7 ROG 014480 Books
                   Copyright © 2026 | Henry Martyn Institute | Hyderabad | TS-500052 | INDIA | Implemented by hmi.edu.in
Hit-Count:

Powered by Koha